000 01324nam a2200349 a 4500
001 ebr10221937
003 CaPaEBR
006 m u
007 cr cn|||||||||
008 061214s2007 maua sb 001 0 eng
010 _z 2006052668
020 _z1580536670
020 _z9781580536677
040 _aCaPaEBR
_cCaPaEBR
035 _a(OCoLC)614529494
050 1 4 _aTK5102.9
_b.M522 2007eb
082 0 4 _a621.382/2
_222
100 1 _aMiao, George J.
245 1 0 _aSignal processing in digital communications
_h[electronic resource] /
_cGeorge J. Miao.
260 _aBoston, MA :
_bArtech House,
_cc2007.
300 _axviii, 515 p. :
_bill.
490 1 _aArtech House signal processing library
504 _aIncludes bibliographical references and index.
533 _aElectronic reproduction.
_bPalo Alto, Calif. :
_cebrary,
_d2013.
_nAvailable via World Wide Web.
_nAccess may be limited to ebrary affiliated libraries.
650 0 _aSignal processing.
650 0 _aDigital communications.
650 0 _aDigital filters (Mathematics)
655 7 _aElectronic books.
_2local
710 2 _aebrary, Inc.
830 0 _aArtech House signal processing library.
856 4 0 _uhttp://site.ebrary.com/lib/rucke/Doc?id=10221937
_zAn electronic book accessible through the World Wide Web; click to view
999 _c132060
_d132060